| 000 | 00000nas 2200000za 4500 |
| 001 | 9.841841 |
| 003 | CaOODSP |
| 005 | 20221107152203 |
| 007 | cr ||||||||||| |
| 008 | 170816d19491971oncar p oss f0###a0eng|d |
| 022 | |y0703-2552 |
| 040 | |aCaOODSP|beng |
| 043 | |an-cn--- |
| 086 | 1 |aCS11-201E-PDF |
| 110 | 1 |aCanada. |bDominion Bureau of Statistics. |
| 245 | 10|aAnnual report of the Dominion Bureau of Statistics |h[electronic resource]. |
| 260 | |a[Ottawa] : |bThe Bureau, |c[1949]-1972. |
| 310 | |aAnnual |
| 362 | 0 |aMar. 31, 1949-Mar. 31, 1971. |
| 500 | |aDigitized edition from print [produced by Statistics Canada]. |
| 500 | |aSemi-annual reports were published in 1954-1955. |
| 515 | |aReport year ends March 31. |
| 692 | 07|2gccst|aStatistics |
| 775 | 08|tRapport annuel du Bureau fédéral de la statistique |w(CaOODSP)9.841846 |
| 780 | 00|tReport of the Dominion Statistician for the fiscal year ended March 31, ... |w(CaOODSP)9.841840 |
| 785 | 00|tAnnual report of Statistics Canada |w(CaOODSP)9.841842 |